Delitos, pecados y castigos : (Record no. 3541)

MARC details
000 -LEADER
fixed length control field 00711nam a22001937a 4500
005 - DATE AND TIME OF LATEST TRANSACTION
control field 20150124120331.0
008 - FIXED-LENGTH DATA ELEMENTS--GENERAL INFORMATION
fixed length control field 101029t mx||||| |||| 00| 0 spa d
020 ## - INTERNATIONAL STANDARD BOOK NUMBER
International Standard Book Number 9709836056
050 04 - LIBRARY OF CONGRESS CALL NUMBER
Classification number KGF7790 .2
Item number M37 2008
100 1# - MAIN ENTRY--PERSONAL NAME
Personal name Marín Tello, Isabel
245 10 - TITLE STATEMENT
Title Delitos, pecados y castigos :
Remainder of title Justicia penal y orden social, 1750-1810 /
Statement of responsibility, etc Isabel Marín Tello
250 ## - EDITION STATEMENT
Edition statement 1a ed.
260 ## - PUBLICATION, DISTRIBUTION, ETC. (IMPRINT)
Place of publication, distribution, etc México :
Name of publisher, distributor, etc Universidad Michoacana de San Nicolás de Hidalgo,
Date of publication, distribution, etc 2008.
300 ## - PHYSICAL DESCRIPTION
Extent 335 p. ;
Dimensions 22 cm.
504 ## - BIBLIOGRAPHY, ETC. NOTE
Bibliography, etc Incluye índice
Number of references Bibliografía : p. 315-334
650 #7 - SUBJECT ADDED ENTRY--TOPICAL TERM
Source of heading or term LEMB
Topical term or geographic name as entry element Transgresiones
General subdivision Derecho penal
Geographic subdivision Michoacán
650 #4 - SUBJECT ADDED ENTRY--TOPICAL TERM
Source of heading or term LEMB
Topical term or geographic name as entry element Proceso judicial
General subdivision Historia
Chronological subdivision 1750-1810
Geographic subdivision Michoacán
942 ## - ADDED ENTRY ELEMENTS (KOHA)
Source of classification or shelving scheme Biblioteca del Cogreso de los Estados Unidos
Koha item type Libro
Holdings
Estado de pérdida Fuente de clasificación Estado del daño No para préstamo Ubicación permanente Ubicación actual Fecha de adquisición Enumeración de Serie / Cronológica Clasificación Código de Barras Date last seen Número de copia Tipo de recurso Nota pública Apartado o colección Edición Área del conocimiento
  Biblioteca del Cogreso de los Estados Unidos     Biblioteca del Sindicato Unico de Empleados de la Universidad Michoacana Biblioteca del Sindicato Unico de Empleados de la Universidad Michoacana 29/10/2010 BSUE00001725 KGF7790.2 M37 2008 BSUE00001725 16/01/2015 C:1 Libro General      
  Biblioteca del Cogreso de los Estados Unidos     Biblioteca del Sindicato Unico de Empleados de la Universidad Michoacana Biblioteca del Sindicato Unico de Empleados de la Universidad Michoacana 29/04/2015   KGF7790 .2 M37 2008 BSUE000002531 29/04/2015 C : 2 Libro   General 1 Ciencias Sociales y Administrativas